000 00536nam a22001697a 4500
999 _c2798
_d2798
008 160526b xxu||||| |||| 00| 0 eng d
020 _a978-981-4272-81-0
082 _22009
_aDC 658.05
_bSta1i
100 _99267
_aStair, Ralph M.
245 _aIntroduction to information systems/
_cRalph M. Stair and George W. Reynolds.
260 _aAustralia:
_bCengage,
_cc2009.
300 _axii, 464 pages;
_c24 cm.
500 _aIncludes index.
650 0 _99269
_aInformation systems.
700 _99268
_aReynolds, George W.
942 _2ddc
_cDC